000 00496cam a2200145 4500500
005 20251012015528.0
041 _afre
042 _adc
100 1 0 _aFougère, Marie-Ange
_eauthor
245 0 0 _aOlivier Lumbroso. Dans l’atelier d’Émile Zola. Paris, Hermann, 2024, 212 p.
260 _c2025.
500 _a2
786 0 _nRomantisme | 209 | 3 | 2025-09-01 | p. 134-135 | 0048-8593
856 4 1 _uhttps://shs.cairn.info/journal-romantisme-2025-3-page-134?lang=en&redirect-ssocas=7080
999 _c1532428
_d1532428